000 00619nas1a22002291i 4500
001 RU\NLR\INFOCOMM16\1000070500
005 20240726041546.0
035 _a(NLR Aleph) 002508328
090 _a2656002
_c2656002
100 _a20040415c2000 |||y0rusy50 ca
101 0 _arus
102 _aRU
110 _azyu||||0|y0
200 1 _aМайские чтения
_eЛит. альм.
210 _aТольятти
_cБ. и.
_d2000-
801 1 _aRU
_bInfoComm
_c20040415
801 0 _aRU
_bNLR
_gPSBO
852 _aNLR
_jП34/1426
942 _cSE
980 _aRUSPER